|
|
|
|
| LEADER |
01337nam a2200325Ia 4500 |
| 001 |
EBC320628 |
| 003 |
MiAaPQ |
| 005 |
20200520144314.0 |
| 006 |
m o d | |
| 007 |
cr cn||||||||| |
| 008 |
000815s2007 enk s 000 0 eng d |
| 020 |
|
|
|z 9781846635168
|
| 035 |
|
|
|a (MiAaPQ)EBC320628
|
| 035 |
|
|
|a (Au-PeEL)EBL320628
|
| 035 |
|
|
|a (CaPaEBR)ebr10196397
|
| 035 |
|
|
|a (OCoLC)935265889
|
| 040 |
|
|
|a MiAaPQ
|c MiAaPQ
|d MiAaPQ
|
| 050 |
|
4 |
|a HF5429
|b .C66 2007
|
| 245 |
0 |
0 |
|a Commemorating the life and work of professor Ross Davies, 1940-2005
|h [electronic resource] /
|c guest editors: Dr. Jonathan Reynolds and Professor Michelle Lowe.
|
| 260 |
|
|
|a Bradford, England :
|b Emerald Group Publishing,
|c c2007.
|
| 300 |
|
|
|a 61 p.
|
| 490 |
0 |
|
|a International Journal of Retail and Distribution Management ;
|v 35, no. 8
|
| 533 |
|
|
|a Electronic reproduction. Ann Arbor, MI : ProQuest, 2015. Available via World Wide Web. Access may be limited to ProQuest affiliated libraries.
|
| 650 |
|
0 |
|a Retail trade
|x Management
|v Biography.
|
| 650 |
|
0 |
|a Physical distribution of goods
|x Management
|v Biography.
|
| 655 |
|
4 |
|a Electronic books.
|
| 700 |
1 |
|
|a Reynolds, Jonathan,
|d 1942-
|
| 700 |
1 |
|
|a Lowe, Michelle.
|
| 710 |
2 |
|
|a ProQuest (Firm)
|
| 856 |
4 |
0 |
|u https://ebookcentral.proquest.com/lib/matrademy/detail.action?docID=320628
|z Click to View
|